Advanced programming using Visual Basic .Net

Guardat en:
Dades bibliogràfiques
Autor principal: Bradley, Julia Case
Format: Llibre
Idioma:Undetermined
Publicat: Boston, MA McGraw-Hill 2003
Matèries:
Etiquetes: Afegir etiqueta
Sense etiquetes, Sigues el primer a etiquetar aquest registre!
Thư viện lưu trữ: Trung tâm Học liệu Trường Đại học Cần Thơ
LEADER 00559nam a2200193Ia 4500
001 CTU_61362
008 210402s9999 xx 000 0 und d
020 |b 1022000 
082 |a 005.2768 
082 |b B811 
100 |a Bradley, Julia Case 
245 0 |a Advanced programming using Visual Basic .Net 
245 0 |c Julia Case Bradley and Anita C. Millspaugh 
260 |a Boston, MA 
260 |b McGraw-Hill 
260 |c 2003 
650 |a Basic ( computer program language ) 
904 |i Minh 
980 |a Trung tâm Học liệu Trường Đại học Cần Thơ